Proteger, reparar, penalizar: evaluación de las sospechas de abuso sexual infantil (Registro nro. 1264)
[ vista simple ]
| 000 -Cabecera | |
|---|---|
| Campo de control de longitud fija | 00878aam a2200313 4500 |
| 005 - Fecha y hora de la última transacción | |
| Campo de control | 20250729142916.0 |
| 008 - Elementos de longitud fija--Información general | |
| Campo de control de longitud fija | 150609b2011 xxu||||| |||| 00| 0 spa d |
| 020 ## - International Standard Book Number | |
| Número Internacional Estándar del Libro (ISBN) | 9789506416058 |
| 041 ## - Idioma | |
| Código de idioma | Español |
| 082 ## - Clasificación Decimal Dewey | |
| Número de clasificación | 362.76 I61p |
| 100 ## - Entrada principal--Autor personal | |
| Nombre personal | Intebi, Irene |
| 9 (RLIN) | 24415 |
| 245 ## - Título propiamente dicho | |
| Título | Proteger, reparar, penalizar: evaluación de las sospechas de abuso sexual infantil |
| 260 ## - Pie de imprenta | |
| Lugar de publicación, distribución, etc. | Argentina |
| 260 ## - Pie de imprenta | |
| Nombre del editor, distribuidor, etc. | Granica |
| 260 ## - Pie de imprenta | |
| Fecha de publicación, distribución, etc. | 2011 |
| 300 ## - Descripción física | |
| Extensión | 281 páginas |
| 490 ## - Serie | |
| Título de la Serie | Investigación Criminal |
| 650 ## - Materia general | |
| Temática (materia general) | MALTRATO INFANTIL |
| 650 ## - Materia general | |
| Temática (materia general) | ABUSO DE NIÑOS |
| 650 ## - Materia general | |
| Temática (materia general) | VIOLENCIA |
| 650 ## - Materia general | |
| Temática (materia general) | ABUSO SEXUAL INFANTIL |
| 650 ## - Materia general | |
| Temática (materia general) | ENTREVISTAS |
| 650 ## - Materia general | |
| Temática (materia general) | DISCAPACIDAD |
| 650 ## - Materia general | |
| Temática (materia general) | MUÑECOS ANATOMICOS |
| 650 ## - Materia general | |
| Temática (materia general) | DIAGNÓSTICO |
| 650 ## - Materia general | |
| Temática (materia general) | EXPERIENCIAS EMOCIONALES |
| 650 ## - Materia general | |
| Temática (materia general) | EVALUACIÓN DEL RELATO |
| 942 ## - Punto de acceso adicional KOHA | |
| Tipo de ítem KOHA | Libro |
| Fuente del sistema de clasificación o colocación | Dewey Decimal Classification |
| Signatura completa | Código de barras | Programa Académico | Tipo de ítem |
|---|---|---|---|
| 362.76 I61p | 16508 | Investigación Criminal | Libro |
| 362.76 I61p | 17752 | Investigación Criminal | Libro |